000 00537nam a2200181Ia 4500
003 IN-BaIIA
008 211028s9999 xx 000 0 eng d
020 _a486-62127-8
040 _cIIA Library
080 _a524.1
_bCOS
245 0 _aSelected papers on cosmic ray origin theories
_cedited by by Stephen Rosen
260 _aNew York
_bDover Publications
_c1969
300 _avii, 439p.
650 _a Cosmic rays
_97990
650 _aAstronomy and astrophysics thesaurus 
_91143
700 _aRosen, Stephen., ed.
_96997
942 _cBK
999 _c4548
_d4548